| 000 | 01707cam a22004217a 4500 | ||
|---|---|---|---|
| 003 | CHAP | ||
| 005 | 20220329142039.0 | ||
| 008 | 001110d1996 mx b r 00010 spa d | ||
| 010 | _a77568 | ||
| 011 | _a78540 | ||
| 020 |
_a9688451797 _c968-845-178-9 |
||
| 035 | _a88529 | ||
| 040 | _cCHAP | ||
| 082 | 0 | 4 |
_a711.4 _bS41 |
| 100 | 0 | 0 |
_aSerrano Moreno, Jorge R. _ecoord. _9105227 |
| 245 | 1 | 0 |
_aDe frente a la Ciudad de México _c/coord. por Jorge R. Serrano Moreno |
| 260 |
_aMéxico, D.F. : _bUniversidad Nacional Autónoma de México. Centro Regional de Investigaciones Multidisciplinarias, _c1996. |
||
| 300 |
_a2v. _bgráfs. ; mapas, ; tablas |
||
| 500 | _aLa biblioteca tiene : v1. el despertar de los estados que la circundan, v.2 el depertar de la región centro. | ||
| 590 |
_aBATCH-UPD _b10 _c20130110 _lUCH01 _h0339 |
||
| 590 |
_aBATCH-UPD _b10 _c20130110 _lUCH01 _h2044 |
||
| 590 |
_aBATCH-UPD _b10 _c20130410 _lUCH01 _h0013 |
||
| 590 |
_aBATCH-UPD _b10 _c20130410 _lUCH01 _h1535 |
||
| 590 |
_aBATCH-UPD _b10 _c20130914 _lUCH01 _h1613 |
||
| 590 |
_aCONVERSION _b10 _c20130109 _lUCH01 _h1343 |
||
| 650 | 1 | 4 |
_aHidalgo _xCondiciones sociales. _955171 |
| 650 | 1 | 4 |
_aMéxico (Edo.) _xCondiciones sociales. _976825 |
| 650 | 1 | 4 |
_aPuebla _xCondiciones sociales. _992872 |
| 650 | 1 | 4 |
_aQuerétaro _xCondiciones sociales. _993195 |
| 650 | 1 | 4 |
_aTlaxcala _xCondiciones sociales. _9113470 |
| 650 | 1 | 4 |
_aUrbanismo _zMéxico (Cd.). _9116850 |
| 650 | 1 | 4 |
_aUrbanismo _zMéxico (D.F.). _9116851 |
| 901 | _aBK | ||
| 905 | _aMayto Villalobos S. | ||
| 942 | _cLIBRO | ||
| 949 |
_a711.4 S41 _bBC _cLIBRO _d33724000713285 _eLIBRO _fv.2 _h95079 _i88529 _si |
||
| 949 |
_a711.4 S41 _bBC _cLIBRO _d33724000803292 _eLIBRO _fv.1 _h99048 _i88529 _si |
||
| 999 |
_c77568 _d77568 |
||